| 000 | 00533nam a2200169 i 4500 | ||
|---|---|---|---|
| 001 | 74402 | ||
| 003 | ES-MaACL | ||
| 005 | 20230906172124.0 | ||
| 007 | t| | ||
| 008 | 040917s1927 mx ||||1| spa d | ||
| 100 | 1 |
_aGonzález Roa, Fernando. _958915 |
|
| 245 | 1 | 4 |
_aLas cuestiones fundamentales de actualidad en México / _cFernando González Roa. |
| 260 |
_aMéxico : _b[s. n., _c1927] ( _fImp. de la Secretaría de Relaciones Exteriores) |
||
| 300 |
_a252 p. ; _c24 cm. |
||
| 852 |
_aES-MaACL _jA-1026 |
||
| 852 |
_aES-MaACL _jF-8315 |
||
| 999 |
_c74402 _d74402 |
||